Loading...
| History - American | 1 | 4 | 0 | 1 | 55 | 85 | 96.80 | 0 | 3 | 0.00 | 0.00 |
| Social Science | 1 | 3 | 0 | 1 | 45 | 55 | 100.00 | 0 | 2 | 0.00 | 0.00 |
| Fine Arts - Other Arts | 1 | 2 | 0 | 0 | 35 | 70 | 93.67 | 0 | 1 | 0.00 | 0.00 |
| History - World | 0 | 3 | 0 | 1 | 30 | 127 | 128.67 | 0 | 0 | 0.00 | 0.00 |
| Beliefs | 0 | 3 | 0 | 0 | 30 | 98 | 113.00 | 0 | 0 | 0.00 | 0.00 |
| Modern World | 2 | 0 | 0 | 0 | 30 | 36 | 47.50 | 2 | 2 | 0.00 | 0.00 |
| Other Academic | 0 | 2 | 0 | 0 | 20 | 75 | 84.00 | 1 | 1 | 0.00 | 0.00 |
| Philosophy | 0 | 2 | 0 | 0 | 20 | 99 | 99.50 | 0 | 1 | 0.00 | 0.00 |
| History - Other | 0 | 2 | 0 | 0 | 20 | 106 | 110.00 | 0 | 0 | 0.00 | 0.00 |
| History - European | 0 | 2 | 1 | 0 | 15 | 87 | 87.50 | 0 | 2 | 0.00 | 0.00 |
| Visual Arts | 0 | 1 | 0 | 0 | 10 | 146 | 146.00 | 0 | 1 | 0.00 | 0.00 |
| Science - Other | 0 | 1 | 0 | 1 | 10 | 131 | 131.00 | 0 | 0 | 0.00 | 0.00 |
| Literature - American | 0 | 0 | 0 | 0 | 0 | 0.00 | 0 | 0 | 0.00 | 0.00 |